00684nam a2200157 i 450000100060000000300090000600500170001500700030003200800410003510000190007624500590009526000600015430000200021450502680023485200240050276553ES-MaACL20230906172858.0t|041004s1912 fr ||||1| fre d1 aGuiraud, Jean.10aHistoire partiale b: histoire vraic / cJean Guiraud. aParis : b[s.n., c1912] (eLille : fA. Taffin-Lefort) a4 v. ; c19 cm.8 aContiene: T. I: Des origines a Jeanne d'Arc. Treintième edition. -- T. II: Moyen Age-Renaissance. Reforme. Dumizième edition. -- T. III: L'acien regine (XVIIe-XVIII siecles) (1e partie). Septième edition. -- T. IV: L'ancien regine (XVIIe-XVIII) (2e partie). aES-MaACLjG-1087-90